Представление документа в формате MARC21

Поле Инд. ПП Название Значение
Тип записи a
Библиографический уровень m
001 Контрольный номер 8e43d242-5ecd-4bcf-aeda-c00cdd4d1c75
005 Дата корректировки 20220526155555.4
008 Кодируемые данные 960429 d
020 a ISBN 5-86988-017-3
040 a Служба первич. каталог. НБ ТвГУ
041 0_ a Код языка текста rus
080 a Индекс УДК 1
084 a Индекс другой классификации/Индекс ББК Ю3(2)6-625
090 x Авторский знак Р 42
a Полочн. индекс Ю3(2)6
100 1_ a Автор Рерих Николай Константинович
e Роль лиц Автор
245 00 a Заглавие Урусвати
c Ответственность Н. К. Рерих
260 0_ a Место издания Москва
b Издательство Международный центр Рерихов
c Дата издания 1993
300 a Объем 103 с.
440 _0 a Серия Малая рериховская библиотека
500 a Примечание В кн. также прил.: Из архива МЦР: с. 83 - 101.- Библиогр. в прил.: с. 101
504 a Библиография Библиогр. в прил.: с. 101
653 0_ a Ключевые слова Космизм
a Ключевые слова Религиозная философия
a Ключевые слова Русская философия
a Ключевые слова Урусвати
852 41 i Расстановочный признак Проверка 2022
901 t Тип документа m
920 a Оператор Семен
a Оператор Петр
930 a Новая/Ретро ретро
952 c Вид литературы К рн
954 a Дата поступления на обработку 24.09.94
e Дата перешифровки 20220126
954 a Дата поступления на обработку 20220526